000 00610cam a22002053a 4500
001 38997
003 PGUSA
005 20140828083848.0
008 120227s2012||||xxu|||||s|||||000 | eng d
040 _aPGUSA
_beng
042 _adc
100 1 _aTrollope, Frances Milton,
_d1780-1863
245 1 0 _aParis and the Parisians in 1835 (Vol. 1)
_h[electronic resource] /
_cFrances Milton Trollope
260 _bProject Gutenberg,
_c2012
506 _aPublic domain in the USA.
516 _aElectronic text
830 0 _aProject Gutenberg
_v38997
856 4 0 _uhttp://www.gutenberg.org/ebooks/38997
942 _cEB
999 _c268250
_d268250